| 000 | 00461nam a22001577a 4500 | ||
|---|---|---|---|
| 005 | 20240726094242.0 | ||
| 008 | 240726b |||||||| |||| 00| 0 eng d | ||
| 041 | _aEnglish | ||
| 082 | _a349 SUP | ||
| 100 | _lEnglish | ||
| 245 |
_aCape Town: _bJuta and Company Ltd, _c1892-93 |
||
| 260 |
_aCape Town: _bJuta and Company Ltd, _c1892 - 93 |
||
| 300 |
_b430 pages; _c25 cm. |
||
| 650 |
_aLegal practice _bLaw |
||
| 942 |
_cBK _6ALISON_BN_VRIES |
||
| 999 |
_c2281 _d2281 |
||